| 000 | 00971nam a22002415i 4500 | ||
|---|---|---|---|
| 001 | 159461 | ||
| 003 | ES-MaACL | ||
| 005 | 20250726063042.0 | ||
| 008 | 040913s1887 it |||| | ita d | ||
| 040 | _cES-MaACL | ||
| 080 | _a550.348.436(450) | ||
| 100 | 1 |
_aMercalli, Giuseppe, _d1850-1914 _eaut _9129847 |
|
| 245 | 1 | 3 |
_aIl terremoto di Lecco del 20 maggio 1887 / _cnota del prof. Giuseppe Mercalli |
| 260 |
_aMilano : _b[s.n.], _c1887 _f(Tip. Bernardoni di C. Rebeschini e C.) |
||
| 300 |
_a8 páginas ; _c23 cm. |
||
| 594 | _aTít. y autor tomados de principio de texto | ||
| 595 | _aExtracto de "Atti della Società Italiana di scienze naturalli" | ||
| 650 | 4 |
_aTerremotos- _zItalia. _9136926 |
|
| 852 |
_aES-MaACL _cDEPOF _fEx-libris ms. de Giuseppe Mercalli _hLegado de Federico de Botella y de Hornos _jT-899-F-21 _xEnc. en un vol. facticio _xHolandesa |
||
| 942 |
_cFOLLETOS _n0 |
||
| 999 |
_c159461 _d159461 |
||